[Event "HUN-chop"]
[Site "Gyor"]
[Date "1990.??.??"]
[Round "11"]
[White "Halasz, Tamas"]
[Black "Larsen, S."]
[Result "1/2-1/2"]
[WhiteElo "2415"]
[BlackElo "2280"]

1.d4 Nf6 2.Nf3 g6 3.c4 Bg7 4.Nc3 O-O 5.e4 d6 6.Be2 e5 7.O-O exd4 8.Nxd4 Re8
9.f3 c6 10.Kh1 Nbd7 11.Bg5 Qb6 12.Nb3 a5 13.Qd2 a4 14.Be3 Qb4 15.Nd4 Qa5
16.Nc2 d5 17.b4 Qd8 18.cxd5 cxd5 19.exd5 Nb6 20.Rad1 Bf5 21.Bb5 Bd7 22.Bxd7 Nfxd7
23.Bd4 Ne5 24.f4 Nec4 25.Qf2 Bxd4 26.Qxd4 Nd6 27.Ne3 Nd7 28.f5 Qb6 29.Qxb6 Nxb6
30.Ng4 Rec8 31.Nf6+ Kg7 32.Nfe4 Nxf5 33.Rd3 Nc4 34.Nc5  1/2-1/2

[Event "Hamburg-ch"]
[Site "Hamburg"]
[Date "1990.??.??"]
[Round "?"]
[White "Dankert, Peter"]
[Black "Joecks, Christian"]
[Result "1/2-1/2"]
[WhiteElo "2245"]
[BlackElo "2295"]

1.d4 Nf6 2.Nf3 g6 3.c4 Bg7 4.Nc3 d6 5.e4 O-O 6.Be2 e5 7.d5 a5 8.Bg5 h6 9.Bh4 Na6
10.Nd2 Qe8 11.O-O Nh7 12.a3 Bd7 13.b3 f5 14.f3 Nf6 15.Rb1 g5 16.Bf2 Qg6 17.g4 fxg4
18.fxg4 Nc5 19.Bxc5 dxc5 20.h3 Ne8 21.Rxf8+ Bxf8 22.Nf1  1/2-1/2

[Event "Hastings Challengers9091"]
[Site "Hastings"]
[Date "1990.??.??"]
[Round "?"]
[White "Timoshchenko, Gennadi A"]
[Black "Gallagher, Joseph G"]
[Result "1/2-1/2"]
[WhiteElo "2495"]
[BlackElo "2495"]

1.d4 Nf6 2.c4 g6 3.Nc3 Bg7 4.e4 d6 5.Nf3 O-O 6.Be2 e5 7.Be3 Na6 8.O-O Ng4
9.Bg5 Qe8 10.h3 h6 11.Bc1 Nf6 12.dxe5 dxe5 13.Be3 Nh5 14.c5 Nf4 15.Bxa6 bxa6
16.Nd5 Nxd5 17.Qxd5 Rb8 18.b3 Bb7 19.Qc4 Qb5 20.Qxb5 axb5 21.Nd2 f5 22.c6 Bxc6
23.Rfc1 Rf6 24.Bxa7 Rd8 25.Rc2 Rfd6 26.a4 Be8 27.Nf1 bxa4 28.bxa4 Rd1 29.Rxd1 Rxd1
30.Rxc7 Bxa4 31.Be3 Bb5 32.Rc1 Rxc1 33.Bxc1 fxe4 34.Ne3 Kf7 35.Ba3 Ke6 36.Kh2 Bf6
37.Bf8 h5 38.Ba3 Kd7 39.Bb4 Kc6 40.Bf8 Bh4 41.Kg1 Bd8 42.Ba3 Bb6 43.Bb4 Bd4
44.Kh2  1/2-1/2

[Event "Hastings Challengers9091"]
[Site "Hastings"]
[Date "1990.??.??"]
[Round "?"]
[White "Wells, Peter K"]
[Black "Timoshchenko, Gennadi A"]
[Result "1/2-1/2"]
[WhiteElo "2415"]
[BlackElo "2495"]

1.d4 Nf6 2.c4 g6 3.Nc3 Bg7 4.e4 d6 5.Be2 O-O 6.Nf3 e5 7.Be3 Na6 8.O-O c6
9.a3 exd4 10.Bxd4 Re8 11.Qc2 Nc5 12.e5 Ng4 13.exd6 Bxd4 14.Nxd4 Qxd6 15.Nf3 Bf5
16.Rad1 Qf6 17.Qd2 Rad8 18.Qf4 Ne4 19.h3 Nxc3 20.bxc3 Rxe2 21.hxg4 Re4 22.g5 Rxf4
23.gxf6 Re8 24.Rfe1 Rxe1+ 25.Nxe1 h6 26.Rd8+ Kh7 27.c5 Rc4 28.Rb8 Rxc3 29.Rxb7 Be6
30.Nf3 Rxa3 31.Ne5 g5 32.Nxf7 Kg6 33.Ne5+ Kxf6 34.Nxc6 a5 35.Rb6 Kg7 36.Nd4 Bd5
37.Rd6 Bf7 38.Nf5+ Kh7 39.Rxh6+ Kg8 40.Ra6 a4 41.Ra8+ Kh7 42.c6 Rc3 43.Nd6 Kg6
44.Ra6 Bd5 45.Nc8 Be6 46.c7 Rxc7 47.Rxe6+ Kf7 48.Ra6 Rxc8 49.Rxa4 Rc2 50.Ra6 Kg7
51.g3 Rc4 52.Rd6 g4 53.Kf1 Re4 54.Ra6 Kf7 55.Ra3 Kf6 56.Re3 Ra4 57.Re8 Ra2
58.Kg2  1/2-1/2

[Event "Helsinki SKF op"]
[Site "Helsinki"]
[Date "1990.??.??"]
[Round "?"]
[White "Wessman, Richard"]
[Black "Ristoja, Thomas W"]
[Result "1-0"]
[WhiteElo "2505"]
[BlackElo "2245"]

1.d4 Nf6 2.c4 g6 3.Nc3 Bg7 4.e4 O-O 5.Nf3 d6 6.Be2 e5 7.O-O exd4 8.Nxd4 Re8
9.f3 Na6 10.Bg5 c6 11.Qd2 Qb6 12.Rad1 Be6 13.Be3 Qc7 14.Rc1 Rad8 15.Rfd1 Qb8
16.Bg5 Bc8 17.Qf4 Nh5 18.Qh4 f6 19.Be3 Bh8 20.f4 Ng7 21.Qf2 Nc5 22.Bf3 a6
23.b4 Nce6 24.f5 gxf5 25.Nxf5 Nxf5 26.exf5 Ng7 27.g4 h5 28.h3 hxg4 29.hxg4 b5
30.Bxc6 Bb7 31.Bd5+ Bxd5 32.Nxd5 Rf8 33.Ne7+ Kf7 34.Nc6 Qb7 35.Qg2 Rd7 36.Qd5+ Ke8
37.Re1  1-0

[Event "Helsinki-ch"]
[Site "Helsinki"]
[Date "1990.??.??"]
[Round "?"]
[White "Koskinen, Henri"]
[Black "Manninen, Marko"]
[Result "0-1"]
[WhiteElo "2215"]
[BlackElo "2215"]

1.c4 Nf6 2.Nc3 g6 3.d4 Bg7 4.e4 d6 5.Be2 O-O 6.Nf3 e5 7.dxe5 dxe5 8.Qxd8 Rxd8
9.Bg5 c6 10.Nxe5 Re8 11.O-O-O Na6 12.Rd6 Be6 13.Nf3 Ng4 14.Nd1 Nc5 15.Nd2 Be5
16.Rxe6 Nxe6 17.Bxg4 Nxg5 18.g3 Bg7 19.e5 h5 20.Be2 Rxe5 21.Bd3 Ree8 22.f4 Ne6
23.Ne4 Rad8 24.Bb1 Nd4 25.Ndc3 f5 26.Nc5 Ne2+ 27.Kc2 Nxc3 28.bxc3 Re3  0-1

[Event "Helsinki-ch"]
[Site "Helsinki"]
[Date "1990.??.??"]
[Round "?"]
[White "Norri, Joose"]
[Black "Kanko, Ilkka"]
[Result "1/2-1/2"]
[WhiteElo "2360"]
[BlackElo "2290"]

1.d4 Nf6 2.c4 g6 3.Nc3 Bg7 4.e4 d6 5.Be2 O-O 6.Nf3 e5 7.Be3 Ng4 8.Bg5 f6
9.Bc1 Nc6 10.d5 Ne7 11.O-O c6 12.Ne1 h5 13.Nd3 cxd5 14.cxd5 f5 15.exf5 Bxf5
16.Bg5 Bf6 17.Bxf6 Nxf6 18.Qb3 Qb6 19.Qxb6 axb6 20.Nb4 Rfc8 21.Nb5 Ne8 22.b3 Rc5
23.a4 Kg7 24.Bc4 Bd7 25.Rfe1 Bxb5 26.axb5 Rxa1 27.Rxa1 Nf6 28.Ra7 Rc7 29.Na6 Rd7
30.Nb8 Rc7 31.Nc6 Nc8 32.Nd8 Nxa7 33.Ne6+  1/2-1/2

[Event "Helsinki op1"]
[Site "Helsinki"]
[Date "1990.??.??"]
[Round "5"]
[White "Norri, Joose"]
[Black "Kanko, Ilkka"]
[Result "1-0"]
[WhiteElo "2360"]
[BlackElo "2290"]

1.d4 Nf6 2.c4 g6 3.Nc3 Bg7 4.e4 d6 5.Be2 O-O 6.Nf3 e5 7.O-O Na6 8.Be3 Qe8
9.dxe5 dxe5 10.h3 Bd7 11.Qc2 Nh5 12.c5 Nb4 13.Qb3 a5 14.a3 Nc6 15.Nd5 a4
16.Qc2 Rc8 17.Rfd1 Na5 18.Nh2 Nf4 19.Nxf4 exf4 20.Bxf4 Nb3 21.Rab1 Nd4 22.Qd2 Qxe4
23.Bf1 Bc6 24.Re1 Qd5 25.Bh6 Ne6 26.Qxd5 Bxd5 27.Bxg7 Kxg7 28.Rbc1 Rfd8 29.Bb5 Nf4
30.Re7 Bxg2 31.Bxa4 Bd5 32.Bd7 Rb8 33.Rce1 Ne6 34.Bxe6 Bxe6 35.R1xe6 Kf8
36.Re2  1-0

[Event "Hessen-ch"]
[Site "Hessen"]
[Date "1990.??.??"]
[Round "7"]
[White "Bewersdorff, Oliver"]
[Black "Alber, Horst"]
[Result "0-1"]
[WhiteElo "2325"]
[BlackElo "2340"]

1.d4 Nf6 2.c4 g6 3.Nc3 Bg7 4.e4 d6 5.Nf3 O-O 6.Be2 e5 7.O-O Nbd7 8.Re1 Re8
9.Bf1 a5 10.Rb1 exd4 11.Nxd4 Nc5 12.f3 a4 13.Ndb5 Bd7 14.Be3 Nh5 15.Qd2 Be5
16.Rbd1 Bc6 17.Nd5 Bxd5 18.cxd5 Ng7 19.Nd4 Re7 20.Bg5 f6 21.Bh4 Qe8 22.Kh1 c6
23.dxc6 bxc6 24.Bc4+ Kh8 25.Nxc6 Qxc6 26.Bd5 Qc8 27.Bxa8 Qxa8 28.f4 Nxe4
29.Rxe4 Qxe4 30.Bg3 Nf5 31.fxe5 dxe5 32.Qd8+ Kg7 33.Bf2 Rf7 34.h3 Qc4 35.a3 Qc7
36.Qd3 Qc6 37.b4 axb3 38.Qxb3 Rb7 39.Qd3 h5 40.Qd8 Rc7 41.Bb6 Rb7 42.Ba5 Ne3
43.Rg1 Rb1 44.Qc7+ Qxc7 45.Bxc7 Rb3 46.a4 Ra3 47.a5 Kf7 48.Rb1 Nd5 49.Bd8 e4
50.Kg1 Ra2 51.g4 hxg4 52.hxg4 Ke6 53.Rb7 e3  0-1

[Event "Jajce (Women)"]
[Site "Jajce"]
[Date "1990.??.??"]
[Round "2"]
[White "Gajic, Djordje"]
[Black "Sziva, Erika"]
[Result "1/2-1/2"]
[WhiteElo "2295"]
[BlackElo "2250"]

1.Nf3 Nf6 2.c4 g6 3.Nc3 Bg7 4.e4 d6 5.d4 O-O 6.Be2 e5 7.Be3 Ng4 8.Bg5 f6
9.Bh4 g5 10.Bg3 Nh6 11.dxe5 dxe5 12.Qxd8 Rxd8 13.Nd5 Rd7 14.h4 Nf7 15.hxg5 fxg5
16.O-O-O Na6 17.Nh2 c6 18.Ne3 Nc5 19.f3 Ne6 20.Nhg4 Rxd1+ 21.Bxd1 Nd4 22.Nf2 Be6
23.Nd3 b6 24.Kb1 Rd8 25.Bc2 Ne2 26.Bf2 Nd4 27.c5 Bf8 28.Bg3 Bxa2+ 29.Kxa2 Nxc2
30.Nxc2 Rxd3 31.Nb4 Rd2 32.Nxc6 Bxc5 33.Nxe5 Bd4 34.Nxf7 Rxb2+ 35.Ka3 Kxf7
36.Rxh7+  1/2-1/2

[Event "Jajce (Women)"]
[Site "Jajce"]
[Date "1990.??.??"]
[Round "6"]
[White "Gajic, Djordje"]
[Black "Matveeva, Svetlana"]
[Result "1/2-1/2"]
[WhiteElo "2295"]
[BlackElo "2360"]

1.Nf3 Nf6 2.c4 g6 3.Nc3 Bg7 4.e4 d6 5.d4 O-O 6.Be2 e5 7.Be3 Na6 8.O-O Ng4
9.Bg5 Qe8 10.dxe5 dxe5 11.h3 h6 12.Bc1 Nf6 13.b3 Qe6 14.Ba3 Re8 15.c5 c6
16.Bxa6 bxa6 17.Qd6 Nh5 18.Qxe6 Bxe6 19.Rad1 Nf4 20.Rd6 Rac8 21.Re1 f6 22.Na4 Bf8
23.Rd2 Be7 24.Bb4 Red8  1/2-1/2

[Event "Karl-Marx-Stadt"]
[Site "Karl-Marx-Stadt"]
[Date "1990.??.??"]
[Round "?"]
[White "Mirschinka, Dirk"]
[Black "Schoene, Ralf"]
[Result "1/2-1/2"]
[WhiteElo "2200"]
[BlackElo "2360"]

1.d4 Nf6 2.c4 g6 3.Nc3 Bg7 4.e4 d6 5.Be2 O-O 6.Nf3 e5 7.dxe5 dxe5 8.Qxd8 Rxd8
9.Bg5 Nbd7 10.O-O-O Rf8 11.Nd2 c6 12.Be3 Re8 13.c5 Bf8 14.Na4 b5 15.cxb6 axb6
16.Nxb6 Nxb6 17.Bxb6 Rxa2 18.Bc4 Ra8 19.Be3 Ng4 20.Bg5 Be6 21.Bxe6 Rxe6 22.Bh4 Bc5
23.Rdf1 Ra1+ 24.Nb1 Bd4 25.h3 Nf6 26.Re1 Nh5 27.Kc2 Re8 28.Nc3 Ra7 29.Ne2 c5
30.Rb1 Rb7 31.f3 Reb8 32.Nxd4 cxd4 33.Bg5 f6 34.Bc1 Rc8+ 35.Kd2 Nf4 36.g3 Ne6
37.b4 Rc3 38.Rf1 g5 39.Kd1 Nc5 40.Bd2 Ra3 41.Ke2 Nb3 42.Rfd1 d3+ 43.Ke3 Nd4
44.Rb2 h5 45.Rc1 Nc2+ 46.Kf2 Rb5 47.Rcb1 Nd4 48.Rc1  1/2-1/2

[Event "Katowice op"]
[Site "Katowice"]
[Date "1990.??.??"]
[Round "2"]
[White "Kaminski, Jacek"]
[Black "Kovalev, Andrei"]
[Result "0-1"]
[WhiteElo "2240"]
[BlackElo "2500"]

1.Nf3 Nf6 2.c4 g6 3.Nc3 Bg7 4.e4 d6 5.d4 O-O 6.Be2 Nbd7 7.O-O e5 8.d5 Nc5
9.Nd2 a5 10.f3 Nh5 11.Nb3 b6 12.Nxc5 bxc5 13.a4 f5 14.Qe1 Nf4 15.g3 Nh3+
16.Kg2 Ng5 17.h4 Nf7 18.Rh1 Bh6 19.Bxh6 Nxh6 20.Qd2 Kg7 21.Raf1 Bd7 22.Nb5 Rf7
23.h5 f4 24.hxg6 hxg6 25.Rh4 Qg5 26.Qe1 Rh8 27.Rfh1 Bxb5 28.axb5 fxg3 29.Qc1 Rf4
30.R4h3 Qf6 31.Qe1 Nf7 32.Rxh8 Nxh8 33.Qxg3 g5 34.Rh5 Nf7 35.Qh3 g4 36.Qg3 Qg6
37.Rf5 gxf3+ 38.Bxf3 Rxf5 39.exf5 Qxg3+ 40.Kxg3 Kf6 41.Be4 Nh6 42.Kf2 Nxf5
43.Bd3 Kg5 44.Kf3 Nd4+ 45.Kg3 Nb3 46.Kf3 Kh4 47.Ke3 Kg3 48.Be4 Nd4 49.Bg6 Kg2
50.Bd3 Kg1 51.Be4 Kf1 52.Bg6 Ke1 53.Bh5 Nf5+ 54.Kd3 Kf2 55.Bg6 Ng3 56.Kc3 e4
57.Kb3 e3 58.Bd3 Nh5 59.Ka4 Nf4 60.Be2 Kxe2  0-1

[Event "Katowice op"]
[Site "Katowice"]
[Date "1990.??.??"]
[Round "6"]
[White "Zilberman, Yaacov"]
[Black "Kovalev, Andrei"]
[Result "1/2-1/2"]
[WhiteElo "2380"]
[BlackElo "2500"]

1.d4 Nf6 2.c4 g6 3.Nc3 Bg7 4.e4 d6 5.Be2 O-O 6.Nf3 e5 7.dxe5 dxe5 8.Qxd8 Rxd8
9.Bg5 c6 10.Nxe5 Re8 11.O-O-O Na6 12.f4 Nc5 13.Bf3 Nh5 14.Bxh5 gxh5 15.Bh4 Bh6
16.Kc2 Bxf4 17.Nxf7 Nxe4 18.Rhf1 Nxc3 19.Kxc3 Bg4 20.Rd3 Re4 21.Bg5 Kxf7
22.Rxf4+ Rxf4 23.Bxf4 Re8 24.Re3  1/2-1/2

[Event "Katowice op"]
[Site "Katowice"]
[Date "1990.??.??"]
[Round "9"]
[White "Kalinin, Oleg"]
[Black "Kalegin, Evgenij"]
[Result "1-0"]
[WhiteElo "2430"]
[BlackElo "2380"]

1.d4 Nf6 2.c4 g6 3.Nc3 Bg7 4.e4 d6 5.Nf3 O-O 6.Be2 Nbd7 7.O-O e5 8.Qc2 c6
9.Rd1 Re8 10.d5 c5 11.a3 Rf8 12.Bg5 h6 13.Bh4 a6 14.Nd2 Qe8 15.b4 Nh7 16.Bd3 Bf6
17.Bxf6 Nhxf6 18.Nb3 b6 19.bxc5 Nxc5 20.Nxc5 bxc5 21.Rdb1 Qd8 22.Rb3 Nh5
23.Qc1 Nf4 24.Bf1 Kg7 25.g3 Nh3+ 26.Kg2 Qd7 27.Rb6 h5 28.Ne2 h4 29.Ng1 hxg3
30.fxg3 Rh8 31.Ra2 Qg4 32.Qe3 Nf4+ 33.Kh1 Nh5 34.Kg2 Nf6 35.Be2 Qxe4+ 36.Qxe4 Nxe4
37.Bf3 Bf5 38.Rab2 g5 39.g4 Bg6 40.Re2 Nf6 41.Re3 e4 42.Be2 Ne8 43.Bd1 f5
44.gxf5 Bxf5 45.Ne2 Kf6 46.Ng3 Rh4 47.Ba4 Bh3+ 48.Kf2 Ke5 49.Bc6 Rd8 50.Rb7 Rf4+
51.Ke1 Kd4 52.Ne2+ Ke5 53.Rxh3 Nf6 54.Rg3 Kf5 55.Rg7 Rg4 56.Rf7 Rh4 57.Rg7 g4
58.Rg2 e3 59.Ng3+ Kf4 60.Rg6 Rf8 61.Ba4 Kf3  1-0

[Event "Balkaniad"]
[Site "Kavala"]
[Date "1990.??.??"]
[Round "2"]
[White "Skembris, Spyridon"]
[Black "Ermenkov, Evgenij"]
[Result "1/2-1/2"]
[WhiteElo "2455"]
[BlackElo "2465"]

1.d4 Nf6 2.c4 d6 3.Nf3 Nbd7 4.Nc3 e5 5.e4 g6 6.Be2 Bg7 7.O-O O-O 8.Rb1 c6
9.Re1 exd4 10.Nxd4 Re8 11.Bf1 Nc5 12.f3 a5 13.Be3 Nfd7 14.Qd2 Ne5 15.b3 Ne6
16.Rbd1 Nxd4 17.Bxd4 Be6 18.Na4 c5 19.Bb2 Ra6 20.Qf2 Qe7 21.Nc3 Nc6 22.Nd5 Qd8
23.Bxg7 Kxg7 24.Nc3 f6 25.Nb5 Ne5 26.f4 Nf7 27.Qg3 Qe7 28.Nc3 Raa8 29.Bd3 Bd7
30.h4 Bc6 31.Re2 Kh8 32.Rde1 g5 33.hxg5 fxg5 34.Nd5 gxf4 35.Qh3 Bxd5 36.exd5 Ne5
37.Rxe5 dxe5 38.Rxe5 Qg7 39.Rh5 Re1+ 40.Kf2 Qd4+ 41.Kxe1 Re8+ 42.Kd2 Qf2+
43.Kc3 Qd4+  1/2-1/2

[Event "Balkaniad-J"]
[Site "Kavala"]
[Date "1990.??.??"]
[Round "2"]
[White "Zygouris, Hristos"]
[Black "Dochev, Dimitar"]
[Result "0-1"]
[WhiteElo "2295"]
[BlackElo "2305"]

1.d4 Nf6 2.c4 g6 3.Nc3 Bg7 4.e4 d6 5.Nf3 O-O 6.Be2 e5 7.d5 a5 8.Be3 Na6 9.Nd2 Ne8
10.O-O Nc5 11.a3 f5 12.f3 f4 13.Bf2 g5 14.b4 Nd7 15.c5 Ndf6 16.Nc4 g4 17.Bh4 g3
18.h3 dxc5 19.bxc5 Qe7 20.d6 Qf7 21.Nxe5 Qh5 22.Bxf6 Nxf6 23.Bc4+ Kh8 24.Nd3 Bxh3
25.gxh3 Qxh3 26.Qe2 Nxe4 27.Nb5 Nf2 28.Rxf2 gxf2+  0-1

[Event "Balkaniad"]
[Site "Kavala"]
[Date "1990.??.??"]
[Round "2"]
[White "Voiska, Margarita"]
[Black "Makropoulou, Marina"]
[Result "1-0"]
[WhiteElo "2335"]
[BlackElo "2230"]

1.d4 Nf6 2.Nf3 g6 3.c4 Bg7 4.Nc3 d6 5.e4 O-O 6.Be2 e5 7.O-O Nbd7 8.Qc2 c6
9.Rd1 Qe7 10.d5 a5 11.b3 Nc5 12.Be3 Rd8 13.Nd2 Ng4 14.Bxg4 Bxg4 15.f3 Bc8
16.a3 Nd7 17.b4 c5 18.bxc5 Nxc5 19.Rab1 f5 20.Na4 Nxa4 21.Qxa4 Bd7 22.Qc2 Rdb8
23.Rb6 Ra6 24.Rdb1 Rxb6 25.Rxb6 Bf8 26.Qb1 fxe4 27.fxe4 Be8 28.Rb2 Ba4 29.Ba7 Rc8
30.Rxb7 Qg5 31.Qf1 Qf4 32.Qxf4 exf4 33.e5 dxe5 34.Ne4 Bxa3 35.c5 Bc2 36.Nf6+ Kf8
37.d6 e4 38.Nxh7+ Kg8 39.d7 Rd8 40.c6 Kxh7 41.c7 Rxd7 42.c8=Q Rxb7 43.Qxb7+ Kh6  1-0

[Event "Balkaniad"]
[Site "Kavala"]
[Date "1990.??.??"]
[Round "4"]
[White "Gheorghiu, Florin"]
[Black "Kotronias, Vasilios"]
[Result "1/2-1/2"]
[WhiteElo "2500"]
[BlackElo "2510"]

1.d4 Nf6 2.c4 g6 3.Nc3 Bg7 4.e4 d6 5.Nf3 O-O 6.Be2 e5 7.Be3 Nbd7 8.d5 Ng4
9.Bg5 f6 10.Bh4 Nh6 11.Nd2 Qe7 12.f3 Kh8 13.Qc2 Nf7 14.O-O-O c6 15.Kb1 a5  1/2-1/2

[Event "Balkaniad"]
[Site "Kavala"]
[Date "1990.??.??"]
[Round "4"]
[White "Skembris, Spyridon"]
[Black "Georgiev, Krum"]
[Result "1/2-1/2"]
[WhiteElo "2470"]
[BlackElo "2455"]

1.d4 Nf6 2.c4 g6 3.Nc3 Bg7 4.e4 d6 5.Nf3 O-O 6.Be2 e5 7.d5 a5 8.Bg5 Na6 9.Nd2 Qe8
10.h4 h5 11.Bxf6 Bxf6 12.g4 Qe7 13.gxh5 Bxh4 14.Nf3 Bf6 15.Qd2 Bg4 16.hxg6 fxg6
17.Qh6 Qg7 18.Ng5 Bxg5 19.Qxg5 Bxe2 20.Kxe2 Rf6 21.Rh2 Raf8 22.Rah1 Nc5 23.f3 Rxf3
24.Rh8+  1/2-1/2

[Event "Balkaniad"]
[Site "Kavala"]
[Date "1990.??.??"]
[Round "5"]
[White "Gheorghiu, Florin"]
[Black "Sokolov, Ivan"]
[Result "0-1"]
[WhiteElo "2500"]
[BlackElo "2550"]

1.Nf3 Nf6 2.c4 g6 3.Nc3 Bg7 4.e4 O-O 5.d4 d6 6.Be2 e5 7.Be3 Ng4 8.Bg5 f6
9.Bh4 Nc6 10.d5 Ne7 11.h3 Nh6 12.Nd2 g5 13.Bg3 f5 14.exf5 Nhxf5 15.Nde4 Ng6
16.Qd2 Nf4 17.Bf1 Nd4 18.O-O-O a6 19.Kb1 Bf5 20.f3 c5 21.Bd3 b5 22.Bxf4 exf4
23.h4 bxc4 24.Bxc4 Rb8 25.hxg5 Rb4 26.Bd3 Qa5 27.g4 Nxf3 28.Qc2 Rfb8 29.gxf5 Rxb2+
30.Qxb2 Rxb2+ 31.Kxb2 Bxc3+ 32.Nxc3 Qb4+ 33.Kc2 Nd4+ 34.Kd2 Qb2+ 35.Ke1 Qxc3+
36.Kf1 Nxf5 37.Bxf5 Qf3+  0-1

[Event "Balkaniad"]
[Site "Kavala"]
[Date "1990.??.??"]
[Round "5"]
[White "Voiska, Margarita"]
[Black "Makropoulou, Marina"]
[Result "1-0"]
[WhiteElo "2335"]
[BlackElo "2230"]

1.d4 Nf6 2.c4 g6 3.Nf3 Bg7 4.Nc3 d6 5.e4 O-O 6.Be2 e5 7.O-O Nbd7 8.Qc2 c6
9.Rd1 Qe7 10.d5 c5 11.Ne1 Ne8 12.Nd3 f5 13.Rb1 Ndf6 14.f3 f4 15.b4 cxb4 16.Rxb4 g5
17.Nf2 h5 18.h3 b6 19.a4 Rf7 20.a5 bxa5 21.Rb3 Bf8 22.Ba3 g4 23.hxg4 hxg4
24.fxg4 Rg7 25.c5 Nxg4 26.Nxg4 Bxg4 27.Bxg4 Rxg4 28.Nb5 dxc5 29.d6 Qf6 30.d7 f3
31.dxe8=Q Rxe8 32.Rf1 c4 33.Qxc4+ Kg7 34.Rbxf3 Qb6+ 35.R1f2 Rf4 36.Rxf4 exf4
37.Bb2+ Kh6 38.Qf7 Qxb5 39.Bc1 Rxe4  1-0

[Event "Kecskemet op2"]
[Site "Keckemeth"]
[Date "1990.??.??"]
[Round "?"]
[White "Vukanovic, Sasa"]
[Black "Lorscheid, Gerhard"]
[Result "1/2-1/2"]
[WhiteElo "2245"]
[BlackElo "2255"]

1.Nf3 d6 2.d4 Nf6 3.c4 g6 4.Nc3 Bg7 5.e4 O-O 6.Be2 e5 7.Be3 Na6 8.O-O Qe8
9.dxe5 dxe5 10.Nd2 b6 11.Nd5 c6 12.Nxf6+ Bxf6 13.a3 Qe7 14.b4 Bg5 15.Qb3 Nc7
16.Rfd1 Bxe3 17.Qxe3 Ne6 18.Rac1 c5 19.bxc5 Qxc5 20.Nb3 Qxe3 21.fxe3 Bb7
22.Bg4 Nc5 23.Nxc5 bxc5 24.Rb1 Bxe4 25.Rb5 Rfd8 26.Rxd8+ Rxd8 27.Rxc5 Rd2
28.Bf3 Bxf3 29.gxf3 Rd3 30.Rxe5 Rxa3 31.Kf2 Kf8 32.Rb5 h5 33.h4 Ra4 34.Rc5 Ke7
35.Rc7+ Ke6 36.Kg3 a5 37.Ra7 f6 38.Ra6+ Ke7  1/2-1/2

[Event "Kecskemet op2"]
[Site "Keckemeth"]
[Date "1990.??.??"]
[Round "?"]
[White "Effert, Kai"]
[Black "Milanovic, Vojislav"]
[Result "1-0"]
[WhiteElo "2265"]
[BlackElo "2290"]

1.d4 Nf6 2.c4 g6 3.Nc3 Bg7 4.e4 d6 5.Nf3 O-O 6.Be2 e5 7.d5 a5 8.Bg5 h6 9.Bh4 Na6
10.Nd2 Bd7 11.a3 Qe8 12.b3 Nh7 13.Rb1 h5 14.f3 Bh6 15.Bf2 Qe7 16.b4 Qg5 17.Nf1 f5
18.h4 Qe7 19.Qc2 axb4 20.axb4 Nf6 21.Bd3 fxe4 22.Nxe4 Kg7 23.Nfg3 Nxe4 24.Nxe4 c6
25.b5 cxb5 26.cxb5 Rac8 27.Qe2 Nb4 28.Bc4 Qd8 29.O-O Qa5 30.Nxd6 Rfe8 31.Nxe8+ Bxe8
32.Qxe5+ Kh7 33.Qe7+  1-0

[Event "Kecskemet"]
[Site "Kecskemet"]
[Date "1990.??.??"]
[Round "6"]
[White "Karolyi, Tibor Jr"]
[Black "Stangl, Markus"]
[Result "1/2-1/2"]
[WhiteElo "2440"]
[BlackElo "2405"]

1.d4 g6 2.c4 Bg7 3.e4 d6 4.Nc3 Nf6 5.Nf3 O-O 6.Be2 e5 7.O-O Na6 8.Re1 c6
9.Bf1 Bg4 10.Be3 Qe7 11.h3 Bxf3 12.Qxf3 Nc7 13.d5 c5 14.a3  1/2-1/2

[Event "Kecskemet"]
[Site "Kecskemet"]
[Date "1990.??.??"]
[Round "10"]
[White "Karolyi, Tibor Jr"]
[Black "Schlosser, Philipp"]
[Result "1/2-1/2"]
[WhiteElo "2440"]
[BlackElo "2465"]

1.d4 Nf6 2.c4 g6 3.Nc3 Bg7 4.e4 d6 5.Nf3 O-O 6.Be2 Na6 7.O-O e5 8.Re1 c6
9.Bf1 Bg4 10.Be3 Bxf3 11.Qxf3 Ng4 12.d5 Nxe3 13.Qxe3 f5 14.a3 Nc5 15.Rad1 Nb3
16.exf5 gxf5  1/2-1/2

[Event "URS-Army"]
[Site "Khabarovsk"]
[Date "1990.??.??"]
[Round "?"]
[White "Nasybullin, Vladislav"]
[Black "Varavin, Viktor"]
[Result "0-1"]
[WhiteElo "2350"]
[BlackElo "2300"]

1.d4 Nf6 2.c4 g6 3.Nc3 Bg7 4.e4 d6 5.Be2 O-O 6.Nf3 e5 7.O-O Nbd7 8.Re1 c6
9.Bf1 a5 10.Rb1 Re8 11.b3 exd4 12.Nxd4 Nc5 13.f3 d5 14.e5 Nh5 15.f4 f6 16.Nf3 d4
17.Qxd4 Qxd4+ 18.Nxd4 fxe5 19.Ba3 Ne6 20.Nxe6 Bxe6 21.fxe5 Bf5 22.Rbd1 Bxe5
23.Na4 Bg4 24.Rb1 Bd4+ 25.Kh1 b6 26.g3 Bf2 27.Rxe8+ Rxe8 28.Bg2 b5 29.cxb5 cxb5
30.Bd5+ Be6 31.Bxe6+ Rxe6 32.Bc5 Bxg3 33.hxg3 Nxg3+ 34.Kg2 Ne4 35.Bb6 bxa4
36.Bxa5 axb3 37.axb3 Kf7 38.b4 Nd2 39.Rh1 h5 40.b5 Nc4 41.Bc7 Re2+ 42.Kf3 Re3+
43.Kf4 Rb3 44.Rc1 Rb4 45.Kg3 g5 46.Rc3 Nd2 47.Rd3 Ne4+ 48.Kf3 Nc5 49.Rd5 Rb3+
50.Kf2 Rxb5 51.Kg1 Rb1+ 52.Kh2 Rb2+ 53.Kg1 Rb1+ 54.Kh2 Rb2+ 55.Kg1 Ne6 56.Bd8 Kg6
57.Be7 Rb7 58.Ba3 h4 59.Re5 Kf6 60.Bd6 Rd7 61.Bb8 Rb7 62.Bd6 Rd7 63.Bb8 Nd4
64.Rc5 Kg6 65.Kg2 Nf5 66.Ra5 Rd5 67.Ra2 Kh5 68.Kh2 Rb5 69.Bc7 Rc5 70.Bb8 Nd4
71.Ra4 Rc2+ 72.Kh1 Nf3 73.Rb4 h3 74.Rb1 Kh4 75.Bd6 Rd2  0-1

[Event "URS-Army"]
[Site "Khabarovsk"]
[Date "1990.??.??"]
[Round "?"]
[White "Ragozin, Evgeni"]
[Black "Nasybullin, Vladislav"]
[Result "1/2-1/2"]
[WhiteElo "2290"]
[BlackElo "2350"]

1.c4 g6 2.Nc3 Bg7 3.d4 Nf6 4.e4 d6 5.Nf3 O-O 6.Be2 e5 7.dxe5 dxe5 8.Qxd8 Rxd8
9.Bg5 Re8 10.Nd5 Nxd5 11.cxd5 c6 12.Bc4 cxd5 13.Bxd5 Nc6 14.O-O-O Bg4 15.h3 Be6
16.Bxe6 Rxe6 17.Rd5 f6 18.Be3 Re7  1/2-1/2

[Event "Kherson"]
[Site "Kherson"]
[Date "1990.??.??"]
[Round "?"]
[White "Kovalev, S."]
[Black "Serebro, Alexsandr"]
[Result "0-1"]
[WhiteElo "2290"]
[BlackElo "2290"]

1.Nf3 Nf6 2.c4 g6 3.Nc3 Bg7 4.e4 d6 5.d4 O-O 6.Be2 e5 7.d5 Nbd7 8.Bg5 a5
9.Nd2 Nc5 10.O-O Bd7 11.b3 h6 12.Be3 Nh7 13.a3 f5 14.f3 f4 15.Bf2 h5 16.b4 Na6
17.c5 Nb8 18.Nc4 axb4 19.axb4 Rxa1 20.Qxa1 g5 21.cxd6 cxd6 22.Nxd6 g4 23.Nxb7 Qg5
24.Qe1 Kh8 25.Nc5 Rg8 26.Bh4 Qg6 27.Kh1 g3 28.Nxd7 Nxd7 29.Na4 Bf6 30.Bxf6+ Qxf6
31.h3 Qh4 32.Rg1 Ng5 33.Bf1 Ra8 34.Qc3 Nf6 35.Qxe5 Nf7 36.Qc7 Kg8 37.Nb6 Ra2
38.Qc8+ Kg7 39.Bc4 Ng4 40.Rf1 Nf2+ 41.Kg1 Rc2 42.d6 Qf6 43.Qe6 Ng5 44.Nd7 Nxf3+
45.gxf3 Nxh3+ 46.Qxh3 Qd4+ 47.Kh1 Qb2  0-1

[Event "Kherson"]
[Site "Kherson"]
[Date "1990.??.??"]
[Round "?"]
[White "Serebro, Alexsandr"]
[Black "Frolov, Artur"]
[Result "0-1"]
[WhiteElo "2290"]
[BlackElo "2485"]

1.Nf3 Nf6 2.c4 g6 3.Nc3 Bg7 4.e4 d6 5.d4 O-O 6.Be2 e5 7.dxe5 dxe5 8.Qxd8 Rxd8
9.Bg5 Nbd7 10.O-O-O Rf8 11.Ne1 Nc5 12.f3 Ne6 13.Be3 c5 14.Nd3 b6 15.Nd5 Nxd5
16.cxd5 Nd4 17.Bxd4 exd4 18.f4 a5 19.Bf3 c4 20.Nf2 d3 21.e5 g5 22.g3 gxf4
23.gxf4 Bh6  0-1

[Event "JUG-sf"]
[Site "Kladovo"]
[Date "1990.??.??"]
[Round "5"]
[White "Bogdanovski, Vlatko"]
[Black "Vujadinovic, Goran"]
[Result "1-0"]
[WhiteElo "2410"]
[BlackElo "2370"]

1.d4 g6 2.c4 Bg7 3.e4 d6 4.Nc3 Nd7 5.Nf3 Ngf6 6.Be2 O-O 7.O-O e5 8.Qc2 h6
9.Rd1 Nh7 10.Be3 c6 11.Qd2 h5 12.Ne1 Qe7 13.Nc2 Ndf6 14.f3 Re8 15.b4 h4 16.Bf1 Nh5
17.d5 Bf8 18.c5 Rd8 19.dxc6 bxc6 20.b5 Bb7 21.bxc6 Bxc6 22.Nb4 Rac8 23.Ba6 Bb7
24.Ncd5 Qd7 25.Bxb7 Qxb7 26.c6 Rxc6 27.Nxc6 Qxc6 28.Rac1 Qa4 29.Rc7 a6 30.Nb6 Qe8
31.Rdc1 Nf4 32.Bxf4 exf4 33.Nd5 h3 34.Qxf4 Qe6 35.gxh3 Rb8 36.R1c2 Bg7 37.Rc8+ Rxc8
38.Rxc8+ Nf8 39.Rc7 Nd7 40.Rc8+ Kh7 41.Qh4+ Bh6 42.Qe7  1-0

[Event "POL-ch Girls U20"]
[Site "Konin"]
[Date "1990.??.??"]
[Round "7"]
[White "Pondo, A."]
[Black "Turczynowicz, Jolanta"]
[Result "1-0"]
[WhiteElo "1975"]
[BlackElo "2060"]

1.d4 Nf6 2.c4 g6 3.Nc3 Bg7 4.e4 d6 5.Nf3 O-O 6.Be2 e5 7.dxe5 dxe5 8.Qxd8 Rxd8
9.Bg5 Nbd7 10.Rd1 Rf8 11.O-O c6 12.b4 h6 13.Bc1 Re8 14.a3 Nh5 15.c5 Nf8 16.Nd2 Nf4
17.Nc4 Nxe2+ 18.Nxe2 Be6 19.Nd6 Re7 20.Be3 Nh7 21.Rd3 Rd8 22.Rfd1 Nf6 23.Nc3 Ng4
24.Bc1 Nf6 25.h3 Kh7 26.Be3 Red7 27.R3d2 Rb8 28.b5 Bf8 29.Rb1 Rdd8 30.a4 Ne8
31.Rbd1 Bb3 32.Rb1 Be6 33.Nxe8 Rxe8 34.f4 exf4 35.Bf2 Rbd8 36.Rxd8 Rxd8 37.Ne2 cxb5
38.axb5 f3 39.gxf3 Bxh3 40.Ra1 Ra8 41.c6 bxc6 42.bxc6 a5 43.Nf4 Bg7 44.Ra4 Bc8
45.Nd5 Be5 46.f4 Bb2 47.Nb6 Ra6 48.Nxc8 Rxc6 49.Ne7 Rc1+ 50.Kg2 Rc2 51.Nd5 h5
52.Kf3 Rc6 53.Rxa5 Bg7 54.Ra7 Rc1 55.Rxf7 Kg8 56.Rc7 Rb1 57.Ne7+ Kh7 58.Rc6 Rb3+
59.Kg2 Rb2 60.Kf3 Rb3+ 61.Kg2 Rb2 62.Rc7 h4 63.f5 g5 64.Nd5 Kh6 65.Ne3 Bd4
66.Ng4+ Kh5 67.Kh3 Bg7 68.Rxg7 Rb7 69.Nf6+  1-0